000 00723nam a2200241Ia 4500
003 OSt
005 20220925225826.0
006 a|||||r|||| 00| 0
007 ta
008 220923b |||||||| |||| 00| 0 eng d
037 _cGeneral Book
040 _aRTL
_cRTL
_beng
041 _2eng
_aeng
082 _aY9(L9F:31), L5
100 _aBreen Dana
_9292920
245 0 _aBirth of a first child
_b Towards an understanding o
260 _aLondon
_bTavistock
_c1975
300 _axi,262p
_ccm.
500 _aBibliography: p 243-258; Appendix: p 194-234; Glossary: p 235-242
650 _aSociology of Medicine
942 _hY9(L9F:31), L5
_cGB
_2CC
999 _c584234
_d584234